| 000 | 00516nam a2200205Ia 4500 | ||
|---|---|---|---|
| 008 | 180523s9999 xx 000 0 und d | ||
| 020 | _a978-007-126379-5 | ||
| 050 | _aMAIN HF 5667 | ||
| 050 | _b.A93 2006 | ||
| 245 | 0 | _aAuditing and assurance services / | |
| 245 | 0 | _cAasmund Eilifsen⦠[[et al].] | |
| 250 | _aInternational Edition | ||
| 260 | _aCanada : | ||
| 260 | _bMcGraw-Hill, | ||
| 260 | _c2007 | ||
| 300 | _a678 pages : | ||
| 300 | _c24 cm. | ||
| 500 | _aInclude index. | ||
| 650 | _aAuditing. | ||
| 999 |
_c357201 _d357201 |
||